Исследование кинематики поворотно-координатного стола; Современные техника и технологии; Т. 1

Бібліографічні деталі
Parent link:Современные техника и технологии: сборник трудов XIX международной научно-практической конференции студентов, аспирантов и молодых ученых, Томск, 15-19 апреля 2013 г./ Национальный исследовательский Томский политехнический университет (ТПУ).— , 2013
Т. 1.— 2013.— [С. 281-282]
Автор: Симачева А. В.
Співавтор: Национальный исследовательский Томский политехнический университет (ТПУ) Институт кибернетики (ИК) Кафедра автоматизации и роботизации в машиностроении (АРМ)
Інші автори: Крауиньш П. Я. Петр Янович (научный руководитель)
Резюме:Заглавие с титульного экрана
Мова:Російська
Опубліковано: 2013
Серія:Технология, оборудование и автоматизация машиностроительных производств
Предмети:
Онлайн доступ:http://www.lib.tpu.ru/fulltext/c/2013/C01/V1/138.pdf
Формат: Електронний ресурс Частина з книги
KOHA link:https://koha.lib.tpu.ru/cgi-bin/koha/opac-detail.pl?biblionumber=243571

MARC

LEADER 00000naa2a2200000 4500
001 243571
005 20251218155604.0
035 |a (RuTPU)RU\TPU\book\264921 
090 |a 243571 
100 |a 20131002d2013 k y0rusy50 ca 
101 0 |a rus 
102 |a RU 
135 |a drnn ---uucaa 
181 0 |a i  
182 0 |a b 
200 1 |a Исследование кинематики поворотно-координатного стола  |f А. В. Симачева  |g науч. рук. П. Я. Крауиньш 
203 |a Текст  |c электронный 
225 1 |a Технология, оборудование и автоматизация машиностроительных производств 
300 |a Заглавие с титульного экрана 
320 |a [Библиогр.: с. 282 (3 назв.)] 
337 |a Adobe Reader 
461 1 |0 (RuTPU)RU\TPU\book\263794  |t Современные техника и технологии  |o сборник трудов XIX международной научно-практической конференции студентов, аспирантов и молодых ученых, Томск, 15-19 апреля 2013 г.  |o в 3 т.  |f Национальный исследовательский Томский политехнический университет (ТПУ)   |d 2013 
463 1 |0 (RuTPU)RU\TPU\book\263795  |t Т. 1  |v [С. 281-282]  |d 2013 
610 1 |a труды учёных ТПУ 
610 1 |a электронный ресурс 
610 1 |a кинематика 
610 1 |a поворотно-фиксирующие механизмы 
610 1 |a координатные столы 
700 1 |a Симачева  |b А. В. 
702 1 |a Крауиньш  |b П. Я.  |c специалист в области машиностроения  |c профессор Томского политехнического университета, доктор технических наук  |f 1939-  |g Петр Янович  |3 (RuTPU)RU\TPU\pers\21970  |4 727 
712 0 2 |a Национальный исследовательский Томский политехнический университет (ТПУ)  |b Институт кибернетики (ИК)  |b Кафедра автоматизации и роботизации в машиностроении (АРМ)  |3 (RuTPU)RU\TPU\col\18704 
801 2 |a RU  |b 63413507  |c 20131002  |g RCR 
856 4 |u http://www.lib.tpu.ru/fulltext/c/2013/C01/V1/138.pdf 
942 |c CF